000 00774nam a22002417a 4500
001 BR7802186
003 BR-BrBNA
005 20230928085552.0
007 ta
008 230509b bl.||||| |||| 00| 0 por d
040 _aBR-BrBNA
_bpor
_cBiblioteca Nacional de Agricultura
041 _a(Por)
072 _aC30; B50
_b/G514
090 _ C30 BR7802186
110 1 _aEscola Interamericana de Administracao Publica, Rio de Janeiro, RJ (Brasil)
_94314
245 1 _aPrograma de historia da agricultura brasileira; projeto de recuperacao e preservacao da memoria da agricultura brasileira
260 3 _aRio de Janeiro, RJ (Brasil):
_c1978.
300 _a28 p.
650 _aDOCUMENTACAO
650 _aAGRICULTURA
909 _a202309
_bLucia
_c55
_dLucia Elande
942 _cBK
999 _c25135
_d25135